000 00294nam a2200121Ia 4500
008 191201s2013 xx 000 0 und d
100 _aBESTERFIELD, Dale H
245 0 _aTotal Quality Management
260 _aN. Delhi
_bPearson
_c2013
300 _a558
650 _aB.Tech(ME)
942 _2ddc
_cBK
999 _c6246
_d6246